000 00296nam a22001337a 4500
008 180912b xxu||||| |||| 00| 0 eng d
020 _a0471023523
041 _aeng
080 _a574
100 _a9
101 _aMJE
245 _aAgricultural Experimentation
_cLittle, Th.M
942 _2udc
_cBK
999 _c47706
_d47706